عرض عادي عرض مارك
  • الأقصم، إبراهيم بن يوسف

مدخل إسم شخص

عدد التسجيلات المستخدمة في: 1

001 - رقم الضبط

  • حقل الضبط: 111077

003 - معرف رقم الضبط

  • حقل الضبط: OSt

005 - تاريخ ووقت أخر عملية

  • حقل الضبط: 20221107091847.0

008 - عناصر بيانات ثابتة الطول

  • حقل تحكم ثابت الطول: 221107|| aca||aabn | a|a d

040 ## - مصدر الفهرسة

  • هيئة الفهرسة الأصلية: OSt
  • وكالة الكتابة: OSt

100 ## - مدخل -- أسم شخص

  • إسم شخص: الأقصم، إبراهيم بن يوسف

670 ## - بيانات المصدر موجوده

  • الاستشهاد بالمصدر: Work cat.: (OSt): الأقصم، إبراهيم بن يوسف, الحياة المكية والمدنية في عيون المصادر والمراجع والدراسات الحديثة : , 2019